Wellington, New Zealand - Johnsonville Line Stations - Statistics

General Stats
  • This quiz has been taken 19 times
  • The average score is 8 of 9
Answer Stats
Answer % Correct
Crofton Downs
94%
Wellington
94%
Johnsonville
89%
Raroa
89%
Ngaio
83%
Awarua Street
78%
Box Hill
78%
Khandallah
78%
Simla Crescent
78%
No matching quizzes found
Score Distribution
Percent of People with Each Score
Percentile by Number Answered
Your Score History
You have not taken this quiz